La réponse est une commune du Loir-et-Cher - Statistiques

Statistiques générales
  • Ce quiz a été pris 11 fois
  • Le résultat moyen est 12 sur 20
Statistiques - réponses
Indice Lettre Commune % Correct
Etendue d'eau salée liée aux océans M Mer
100%
Espionnais, guettais, observais E Epiais
90%
Cavité, orifice T Troo
90%
Prénom de Crawford, Joel, ou encore "the Kid" B Billy
80%
"Le Barbare", incarné au cinéma par Arnold Schwarzenegger C Conan
80%
Jeté, propulsé L Lancé
80%
Edifice religieux où se célèbre le culte rendu à une divinité (L) T Le {Temple}
80%
Monuments circulaires que l'on peut trouver, entre autres, à Nîmes, mais aussi (plus difficilement) dans cette commune A Areines
70%
Homonyme des marais de Louisiane B Baillou
70%
Fatiguay, éreintay E Epuisay
70%
Héros grec ayant vaincu le Minotaure T Thésée
70%
Ancienne orthographe de "frênes" F Fresnes
50%
Pourry, croupy M Moisy
50%
Prière anglaise P Pray
50%
Pierres, cailloux R Roches
50%
Utilisas une binette B Binas
40%
Segment du membre supérieur situé entre le brras et l'avant-brras C Couddes
40%
Creusement longiligne, notamment pour favoriser l'écoulement des eaux F Fossé
30%
De ses prénoms Rutherford Birchard, 19ème président des Etats-Unis apparaissant dans l'album de Lucky Luke L'Homme de Washington (L) H Les {Hayes}
20%
Sous l'Ancien Régime, relevé de tous les biens et bénéfices d'une abbaye, d'un diocèse, d'une province... P Pouillé
0%
Aucun quiz correspondant
Distribution des résultats
% des personnes avec chaque résultat
Percentile par nombre de réponses
Votre historique - résultats
Vous n’avez pas pris ce quiz